| 000 | 00594nam a22001817a 4500 | ||
|---|---|---|---|
| 005 | 20240528122845.0 | ||
| 010 | _aENG-140519 | ||
| 020 |
_c850.00 _a9789354091186 |
||
| 035 | _aEN-124051 | ||
| 037 | _bDBAD/PUB | ||
| 082 | _a791.4 | ||
| 245 |
_aBeing FTII/ _hEnglish _bPerspectives on the Film and Television Institute of India |
||
| 250 | _a1 | ||
| 260 |
_aNew Delhi _bPublication Division |
||
| 270 |
_bNew Delhi _aPublication Division, Ministry Of Information & Broadcasting, Government Of India _e110001 |
||
| 300 |
_a191p _c22 cm(hbk) |
||
| 942 |
_2ddc _cEN _h791.4 _mFTI |
||
| 999 |
_c203314 _d203314 |
||